000 01018nam a2200313 i 4500
003 DO-SdBNP
005 20260224100502.0
007 ta
008 220201b2021 dr ||||| |||| 00| 0 spa d
020 _a9789945626056
040 _aDO-SdBNP
_bspa
_cBNPHU
_erda
082 4 _a649.1097293
_bS718c
_222
100 1 _aSoto, Maritza,
_d1972-
_981079
245 1 0 _aCómo criar nuestros hijos:
_bvirtuosos y triunfadores /
_cMaritza Soto.
264 _aSanto Domingo :
_bVérite,
_c2021.
300 _a232 páginas ;
_c21 cm.
336 _2rdacontent
_atexto
_btxt
337 _2rdamedia
_asin mediación
_bn
338 _2rdacarrier
_avolumen
_bnc
490 0 _aQuiz vérite
500 _aIncluye datos biográficos de la autora en la página 225
504 _aBibliografía : p. 227-230
590 _aInventariado, 2022 /LP
650 0 _aCrianza de niños
_94212
650 4 _aPadres e hijos
_9796
650 4 _aManejo de niños
_9799
910 _aLopérez/Validado. Control de calidad MFF
942 _2ddc
_cLBS1
999 _c51289
_d51289